| 000 | 00433nam a2200169Ia 4500 | ||
|---|---|---|---|
| 005 | 20250311051341.0 | ||
| 008 | 240331s9999 xx 000 0 und d | ||
| 082 |
_bBAR _a891 |
||
| 245 | 0 | _aBarathi puthaiyal perunthiraddu | |
| 260 |
_aChennai _bVanathi Publishers _c1982 |
||
| 300 | _a583 p ., | ||
| 650 | _aBarathi Songs | ||
| 650 | _aBarathi Essays | ||
| 650 | _aBarathi Poems | ||
| 700 |
_aPathmanaban, R.A,. _eedt |
||
| 942 | _cL | ||
| 999 |
_c3841 _d3841 |
||